000 00534nam a22001817a 4500
003 CEME
005 20210628202808.0
008 210118b xxu||||| |||| 00| 0 eng d
020 _a0-8493-7213-5
040 _c.
082 _a005.82 MUL
100 _aFurht, Borko, Kirovski, Darko
_961664
245 _aMultimedia watermarking techniques and applications
260 _aNEW YORK
_bAUERBACH PUBLICATIONS
_c2006
300 _a452 P
650 _aMULTIMEDIA SYSTEMS- SECURITY MEASURES.DIGITAL WATERMARKING
_961665
942 _cBK
_2ddc
999 _c571043
_d571043